Who will pay for the costs of water pollution? (Record no. 75236)
[ view plain ]
| 000 -LEADER | |
|---|---|
| fixed length control field | 01387cab a2200181 4500 |
| 001 - CONTROL NUMBER | |
| control field | L129724 |
| 008 - FIXED-LENGTH DATA ELEMENTS--GENERAL INFORMATION | |
| fixed length control field | 050516n2005 000 0 eng u |
| 035 ## - SYSTEM CONTROL NUMBER | |
| System control number | (Sirsi) u129724 |
| 041 ## - LANGUAGE CODE | |
| Language code of text/sound track or separate title | eng |
| 245 ## - TITLE STATEMENT | |
| Title | Who will pay for the costs of water pollution? |
| 260 ## - PUBLICATION, DISTRIBUTION, ETC. | |
| Date of publication, distribution, etc. | 2005 |
| 490 ## - SERIES STATEMENT | |
| Series statement | ENDS Report |
| Volume/sequential designation | (363) April 2005, 25-28(4) |
| 520 ## - SUMMARY, ETC. | |
| Summary, etc. | Examines the current state of the implementation process of the water framework directive (Directive 2000/60/EC) in the UK after the completion of the transposition of the directive into UK law in February 2004 and the production of the 13 characterisation or article five reports in March 2005. Considers the key debates emerging over how different groups of polluters might contribute to the cost of reducing water pollution and how the water industry's investment planning process will mesh with the directive. Looks at the creation of river basin management plans and the process of economic analysis in keeping with the directive's principle of cost recovery for water services. Tables cover: the implementation timetable for the directive; water bodies at risk of not achieving directive objectives; and waters at risk or probably at risk of failing the objectives. Figures. References. |
| 590 ## - LOCAL NOTE (RLIN) | |
| Local note | IKA190505 |
| 650 ## - SUBJECT ADDED ENTRY--TOPICAL TERM | |
| Topical term or geographic name entry element | DIRECTIVE 2000/60/EC |
| 690 ## - LOCAL SUBJECT ADDED ENTRY--TOPICAL TERM (OCLC, RLIN) | |
| Topical term or geographic name as entry element | ENVIRONMENTAL AND LAND CONSULTANCY-WATER RESOURCE MANAGEMENT |
| 942 ## - ADDED ENTRY ELEMENTS (KOHA) | |
| Suppress in OPAC | 0 |
| Withdrawn status | Lost status | Source of classification or shelving scheme | Damaged status | Not for loan | Home library | Current library | Shelving location | Date acquired | Total Checkouts | Full call number | Barcode | Date last seen | Copy number | Price effective from | Koha item type |
|---|---|---|---|---|---|---|---|---|---|---|---|---|---|---|---|
| Dewey Decimal Classification | London | London | Journal article | 16/05/2005 | L129724 | 129724-1001 | 06/08/2019 | 1 | 06/08/2019 | Journal article |